01683nam a2200277 4500952009900000952010300099952011500202999001700317008003200334020001500366050001900381082002300400100003200423245007200455250001800527260004200545300001800587504005200605505041700657519010501074519011601179519004301295650001901338700003601357942001201393 00102lcc4070a03b03d2015-06-01l0oP87 R65 2004p03 007595r2015-06-01t1w2015-06-01yLB 00102ddc4070a01b01d2016-01-23l0o302.2 R638c 2004p01 004132r2016-01-23t1w2016-01-23yLB 00102ddc4070a01b01d2016-01-23l1o302.2 R638c 2004p01 012236r2016-05-09s2016-05-09t2w2016-01-23yLB c96671d96671Librobs2004 mmx s sp spa a9684805527 aP87 bR65 2004 a302.2b R638c 2004 aRojas Tapia, Antonioeautor aComunicaciónb : Reflexiones y propuestasc / Antonio Rojas Tapia a2a. edición aMéxicob : Banca y Comercioc, 2004 a175 páginas aReferencias Documentales Generales (pp.173-175) aLa Comunicación, fenómeno sociocultural Teorías básicas sobre Comunicación Medios de difusión masiva y su impacto en la sociedad Comunicación y poder Influencia de la comunicación en la educación superior Influencia psicológica en la Comunicación Conciencia e inconciencia de la Comunicación no verbal Conciencia e inconciencia de la Comunicación verbal La Comunicación en el mañana aPlan Flexible / bCiencias de la Comunicación / cPresentaciones Efectivas (B13-2) / d(01 004132) aPlan Flexible /bCiencias de la Comunicación / cAnálisis de la Comunicación Oral (B15-3) / d(01 012236) aMaterial Complementario /d(03 007595)14aCOMUNICACIÓN aNava Guarneros, Genovevaeautor cLB2lcc